MARC

LEADER 00000nas1a2200000 4500
001 379685
005 20231101062626.0
035 |a (RuTPU)RU\TPU\prd\77 
035 |a PERI00000077 
090 |a 379685 
100 |a 20011210a k y0rusy50 ca 
101 0 |a rus 
102 |a RU 
110 |a ayaz|||0uu0 
200 1 |a Наблюдения Иркутской Магнитной и Метеорологической Обсерватории  |e летописи  |f Иркутская Магнитная и Метеорологическая Обсерватория 
210 |a Иркутск  |c Паровая типо-литография П. И. Макушина и В. М. Посохина  |d 1897-1924 
225 1 |a Летописи Николаевской Главной Физической Обсерватории 
610 1 |a обсерватории 
610 1 |a метеорология 
712 0 2 |a Иркутская Магнитная и Метеорологическая Обсерватория 
801 0 |a RU  |b 63413507  |c 20011210  |g PSBO 
801 2 |a RU  |b 63413507  |c 20141016  |g PSBO 
942 |c CR